000 01443nam2a2200253 4500
001 RU\NLR\BIBL_A\022596141
005 20260119162026.0
010 _a978-5-907980-37-2
_9135
021 _aRU
_bКН-П-25-033834
_9КН-П-25-3344
035 _a(NLR Aleph) 022596141
090 _a13532606
_c13532606
100 _a20250804d2025 u y0rusy50 ca
101 0 _arus
102 _aRU
105 _aac||z|||000gy
200 1 _aЖизнь
210 _d2025
215 _a114 с.
_cил., портр.
327 0 _aСодерж.: авт.: Вячеслав Малыченко, Раиса Кириллова, Наталья Чмыхова, Марина Болгарцева, Елена Минеева, Валентина Саган (Казакова), Нина Онучина, Наталья Филиппова, Фаина Назарова, Любовь Украинцева [и др.]
461 0 _1001RU\NLR\BIBL_A\016259839
_12001#$aДрузья ВК$eколлективный сборник стихотворений$fруководитель проекта Вячеслав Малыченко$v[15]
_912853026
_c[Б. м
_d2022
_fруководитель проекта Вячеслав Малыченко
_nб. и.]
_oколлективный сборник стихотворений
_tДрузья ВК
_v[15]
942 _cBOOK
980 _aNB